Pupi y los fantasma / (Registro nro. 12092)

Detalles MARC
000 -LIDER
fixed length control field 00609nam a22002057a 4500
003 - IDENTIFICACDOR DE NÚMERO DE CONTROL
control field DO-SdBNP
005 - DATE AND TIME OF LATEST TRANSACTION
control field 20180213090532.0
008 - ELEMENTOS DE LONGITUD FIJA
fixed length control field 161124b2008 sp||||| |||| 00| 0 spa d
020 ## - ISBN
International Standard Book Number 9788467529005
040 ## - FUENTE DE CATALOGACIÓN
Agencia que crea de manera original el registro BPMSU
Idioma de catalogación spa
Agencia que realiza la transcripción BPMSU
100 ## - ASIENTO PRINCIPAL -- NOMBRE PERSONAL
Nombre personal Menéndez-Ponte , María
245 ## - MENCIÓN DE TITULO
Título Pupi y los fantasma /
Mención de responsabilidad María Menéndez-Ponte ; Ilustración de Javier Andrada
260 ## - PUBLICACIÓN, DISTRIBUCIÓN, ETC. (PIE DE IMPRENTA)
Lugar de publicación, distribución, etc Madrid :
Nombre del editor, distribuidor, etc. SM ,
Fecha de publicación, distribución, etc 2008
300 ## - DESCRIPCIÓN FÍSICA
Extensión 59 p. :
Otros detalles físicos il. :
Dimensiones 20 cm
490 ## - MENCIÓN DE SERIES
Mención de serie Barco de vapor
700 ## - ASIENTO SECUNDARIO -- NOMBRE PERSONAL
Nombre personal Ilustraciones de Andrada, Javier
942 ## - ADDED ENTRY ELEMENTS (KOHA)
Source of classification or shelving scheme Dewey Decimal Classification
Koha item type Libros
945 ## - INFORMACIÓN DE PROCESAMIENTO LOCAL
Información de procesamiento local Inventariado, 2018 / BT
956 ## - LOCAL ELECTRONIC LOCATION AND ACCESS (OCLC)
Nombre de host dgarcia
Existencias
Withdrawn status Lost status Source of classification or shelving scheme Damaged status Not for loan Collection code Home library Current library Date acquired Source of acquisition Total Checkouts Barcode Date last seen Price effective from Koha item type
    Dewey Decimal Classification     Colección Infantil General Biblioteca Pública Metropolitana Salomé Ureña Biblioteca Pública Metropolitana Salomé Ureña 11/24/2016 FUNDI   BPMSU16111543 11/24/2016 11/24/2016 Libros